00507nam a2200193 a 4500001001300000003000900013005001700022008004100039020000900080082001700089100002500106245002100131260003900152300000900191500003500200505003700235650001600272700002500288nice12345678IN_TiNIC20260116012624.0050524s1979 hyda grp 000 0 urd  ac1200a891.41bKHA3 aKhayal, Faizul Hasan aKaanch Ka Shaher aHyderabadbUrdu Academy, A.Pc1979 a136p aincludes index and biblioraphy2 aGlossary, Bibliography and index aUrdu-Poetry1 aKhayal, Faizul Hasan